Τυχαία Σήματα Ελληνικών Ομάδων - Statistics

General Stats
  • This quiz has been taken 43 times
  • The average score is 6 of 20
Answer Stats
Picture Answer % Correct
Γ.Σ. Ηρακλής
100%
ΠΑΕ Χανιά
100%
ΠΑΣ Γιάννινα
100%
ΑΣ Ολυμπιακός Βόλου
89%
ΑΠΣ Ατρόμητος Αθηνών
88%
ΑΕΚ
86%
Πανιώνιος ΓΣΣ
83%
ΠΑΟΚ
83%
ΠΑΣ Λαμία
80%
ΑΕ Λάρισας
75%
Βόλος ΝΠΣ
75%
ΠΣ Καλαμάτα
75%
ΟΦΗ
71%
Παναιτωλικός ΓΦΣ
71%
Άρης
67%
ΑΣ Μακεδονικός
67%
ΑΠΟ Λεβαδειακός
60%
ΑΠΣ Πανθρακικός
60%
Παναχαϊκή ΓΕ
60%
ΑΟ Αγίου Νικολάου
50%
ΑΟ Αιγάλεω
50%
ΑΟ Ηλυσιακός
50%
ΑΣ Αναγέννηση Καρδίτσας
50%
Καλλιθέα Αθηνών
50%
Ολυμπιακός ΣΦΠ
50%
ΓΣ Ηλιούπολη
44%
ΑΣ Νέστος Χρυσούπολης
43%
Νίκη Βόλου
43%
ΑΜΠΣ Άρης Αβάτου
40%
ΑΠΟ Ελλάς Σύρου
40%
ΜΓΣ Πανσερραϊκός
40%
ΣΦΚ Πιερικός
40%
ΑΓΣ Αστέρας Τρίπολης
33%
ΑΕ Κηφισιά
33%
ΑΟ Κιλκισιακός
33%
ΓΣ Μαρκό
33%
Παναθηναϊκός ΑΟ
33%
ΑΟ Γιούχτας Αρχανών
29%
ΑΠΣ Ζάκυνθος
29%
ΑΟ Καβάλα
25%
ΑΟΜ Αστέρας Καισαριανής
25%
ΑΣ Απόλλων Ευπαλίου
25%
ΑΣ Ρόδος
25%
ΟΦΠΦ Εθνικός
25%
ΠΟ Αλεξανδρούπολη
25%
ΦΣ Κοζάνη
25%
ΑΣ Ατρόμητος Παλαμά
20%
ΑΣ Ποσειδώνας Νέας Μηχανιώνας
20%
ΓΣ Διαγόρας Ρόδου
20%
ΓΣ Πανναυπλιακός Ηρακλής
20%
ΠΑΣ Κόρινθος
20%
ΑΟ Τυμπακίου
17%
ΑΣ Θεσπρωτός Ηγουμενίτσας
17%
ΑΜΣ Άρης Πηγών
14%
ΑΟ Αμαρυνθιακός
14%
ΓΑΣ Αναγέννηση Άρτας
14%
ΠΣ Απόλλων Παραλιμνίου
14%
ΑΟ Τηλυκράτης Λευκάδας
13%
ΠΑΕ Αιγινιακός
13%
ΠΑΣ Απόλλων Κρύας Βρύσης
11%
ΑΕ Αλεξάνδρειας
0%
ΑΕ Ευόσμου
0%
ΑΕ Μύκονος
0%
ΑΕ Μαλεσίνας
0%
ΑΕ Ρόδου Αφάντου
0%
ΑΟ Ανθούπολη Λάρισας
0%
ΑΟ Αστέρας Πετρίτη
0%
ΑΟ Θήβα
0%
ΑΟ Καραβά Πειραιώς
0%
ΑΟ Κυανούς Αστήρ Βάρης
0%
ΑΟ Λουτράκι
0%
ΑΟ Μιλτιάδης Πύργου Τριφυλλίας
0%
ΑΟ Νέας Αρτάκης
0%
ΑΟ Νέας Ιωνίας
0%
ΑΟ Τρίκαλα
0%
ΑΟ Χανιώτης
0%
ΑΟ Χαϊδαρίου
0%
ΑΠΟ Θύελλα Ραφήνας
0%
ΑΠΟ Θερμαϊκός Θέρμης
0%
ΑΣ Άρης Πετρούπολης
0%
ΑΣ Άρης Φιλιατών
0%
ΑΣ Αστέρας Σταυρού
0%
ΓΣ Ερμής Αμυνταίου
0%
ΓΣ Παναιγιάλειος
0%
ΓΣ Πανγυθειακός
0%
ΓΦΠΣ Αιγέας Πλομαρίου
0%
ΕΓΣ Ηρακλής Αμμουδιάς
0%
Καμπανιακός ΜΦΑΟΦ
0%
Μανδραϊκός ΑΟ
0%
ΜΓΣ Ορέστης Ορεστιάδας
0%
ΜΓΣΚ Απόλλων Καλαμαριάς
0%
Παναργειακός ΑΠΟ
0%
ΠΑΟΚ Κρηστώνης
0%
ΠΑΟΠ Νέας Αμισού
0%
ΠΑΣ Αμβρακικός Βόνιτσας
0%
ΠΟ Ατσαλένιου
0%
ΠΟ Μουδανιών
0%
ΠΣ Εθνικός Νέου Κεραμιδίου
0%
Ρεθυμνιακός ΑΟ
0%
No matching quizzes found
Score Distribution
Percent of People with Each Score
Percentile by Number Answered
Your Score History
You have not taken this quiz